| 000 | 00380nam a22001577a 4500 | ||
|---|---|---|---|
| 003 | CEME | ||
| 005 | 20210628204223.0 | ||
| 008 | 210218b xxu||||| |||| 00| 0 eng d | ||
| 040 | _c. | ||
| 082 | _a658.409 MIN'N | ||
| 100 |
_aMintzberg, Henry _969356 |
||
| 245 | _aThe nature of managerical work | ||
| 260 |
_aNEWYORK _bHARPER & ROW _c1973 |
||
| 300 | _a298P | ||
| 942 |
_cBK _2ddc |
||
| 999 |
_c576681 _d576681 |
||